000
00295nam a22001337a 4500
008
170629b xxu||||| |||| 00| 0 eng d
020
_a
9780195308051
041
_a
eng
080
_a
8 ED
100
_a
22
101
_a
GJL
245
_a
CLASSICAL MYTHOLOGY
_c
MORFORD.M.P.O
942
_2
udc
_c
BK
999
_c
19552
_d
19552